|
|
|
|
| LEADER |
00955nam a2200265 a 4500 |
| 001 |
2280971 |
| 008 |
090827s1979 nyua b 001 0 eng d |
| 010 |
|
|
|a 79015531
|
| 020 |
|
|
|a 9780471827597
|
| 020 |
|
|
|a 0471827592
|
| 040 |
|
|
|a DLC
|c DLC
|d DLC
|
| 082 |
0 |
0 |
|a 523.01/9/2
|
| 100 |
1 |
|
|a Rybicki, George B.
|
| 245 |
1 |
0 |
|a Radiative processes in astrophysics /
|c George B. Rybicki, Alan P. Lightman.
|
| 260 |
|
|
|a New York :
|b Wiley,
|c c1979.
|
| 300 |
|
|
|a xv, 382 p. :
|b ill. ;
|c 24 cm.
|
| 500 |
|
|
|a "A Wiley-Interscience publication."
|
| 504 |
|
|
|a Includes bibliographical references and index.
|
| 541 |
1 |
|
|e 00016295
|
| 650 |
|
0 |
|a Radiation.
|
| 650 |
|
0 |
|a Astrophysics.
|
| 700 |
1 |
|
|a Lightman, Alan P.,
|d 1948-
|e joint author.
|
| 852 |
4 |
|
|a Ayesha Abed Library
|j General shelf
|
| 999 |
|
|
|c 3918
|d 3918
|
| 952 |
|
|
|0 0
|1 0
|2 ddc
|4 0
|6 523_019200000000000_RYB
|7 0
|9 3562
|a BRACUL
|b BRACUL
|c GEN
|d 2009-09-15
|g 8700.00
|l 0
|o 523.0192 RYB
|p 3010016295
|r 2009-09-15
|t 1
|w 2009-09-15
|y BK
|